Associez le footballeur à son pays - Clic Quiz - Statistiques

Statistiques générales
  • Ce quiz a été pris 5 089 fois
    5 059 depuis la dernière actualisation
  • Le résultat moyen est 16 sur 20
Statistiques - réponses
Hint Réponse % Correct
Heung-Min Son Corée du Sud
92%
Didier Drogba Côte d'ivoire
92%
Samuel Eto'o Cameroun
90%
Bobby Charlton Angleterre
88%
Andriy Shevchenko Ukraine
88%
Hidetoshi Nakata Japon
87%
Christian Pulisic Etats-Unis
85%
Eusebio Portugal
83%
Garrincha Brésil
82%
Kostas Mitroglou Grèce
81%
Hugo Sanchez Mexique
81%
Pavel Nedved Répulibque Tchèque
80%
Juan Sebastien Veron Argentine
76%
George Best Irlande du Nord
76%
Mehdi Benatia Maroc
72%
Jari Litmanen Finlande
70%
Mustafa Dhaleb Algérie
66%
Igor Akinfeev Russie
66%
Hristo Stoitchkov Bulgarie
64%
Bruce Grobbelaar Zimbabwe
38%
Aucun quiz correspondant
Distribution des résultats
% des personnes avec chaque résultat
Percentile par nombre de réponses
Votre historique - résultats
Vous n’avez pas pris ce quiz depuis la dernière actualisation